00408pab a2200133 454500008004000000100001800040245010200058260000900160300001300169362000800182650001900190650002200209773004300231180718b2000 xxu||||| |||| 00| 0 eng d aSawer, Marian aParliamentary representation of women: from discourses of justice to strategies of accountability c2000 ap.361-80 aOct aAccountability aWomen in politics aInternational Political Science Review